[Event "Chioggia op-B 02nd"]
[Site "Chioggia"]
[Date "2007.05.18"]
[Round "1"]
[White "Penzo, Amleto"]
[Black "Sanavio, Giancarlo"]
[Result "0-1"]
[WhiteElo "1591"]
[BlackElo "1736"]
[PlyCount "37"]
[EventDate "2007.05.18"]
[EventType "swiss"]
[EventRounds "5"]
[EventCountry "ITA"]
[SourceTitle "EXT 2022"]
[Source "ChessBase"]
[SourceDate "2021.10.06"]
[SourceVersion "1"]
[SourceVersionDate "2021.10.06"]
[SourceQuality "1"]

1. d4 d5 2. Nf3 c5 3. c4 e6 4. e3 Nf6 5. Nc3 Nc6 6. a3 a5 7. Bd3 Be7 8. 0-0 0-0 9. dxc5 Bxc5 10. Qc2 dxc4 11. Bxc4 Qe7 12. b3 e5 13. Na4 Ba7 14. Bb2 Bg4 15. Nd2 Be6 16. Bxe6 Qxe6 17. Nf3 Rac8 18. Qd3 e4 19. Bxf6 0-1

[Event "Pedavena op-B 2nd"]
[Site "Pedavena"]
[Date "2006.08.03"]
[Round "4"]
[White "Sanavio, Giancarlo"]
[Black "Cocuzzi, Edoardo"]
[Result "0-1"]
[WhiteElo "1799"]
[BlackElo "1689"]
[PlyCount "98"]
[EventDate "2006.08.01"]
[EventType "swiss"]
[EventRounds "7"]
[EventCountry "ITA"]
[SourceTitle "EXT 2023"]
[Source "ChessBase"]
[SourceDate "2022.10.05"]
[SourceVersion "1"]
[SourceVersionDate "2022.10.05"]
[SourceQuality "1"]

1. Nf3 Nc6 2. d4 d5 3. c4 e6 4. Nc3 Nf6 5. Bg5 Bb4 6. e3 h6 7. Bh4 g5 8. Bg3 Ne4 9. Qc2 h5 10. Bd3 h4 11. Be5 f6 12. Bxe4 dxe4 13. Qxe4 fxe5 14. Qg6+ Kf8 15. Nxg5 Qe7 16. 0-0 Bxc3 17. bxc3 exd4 18. exd4 Nd8 19. f4 Qg7 20. Qe4 Rh6 21. Rae1 Nf7 22. d5 Nd6 23. Qd3 exd5 24. c5 Nf5 25. Qxd5 Qd7 26. Ne6+ Rxe6 27. Qxf5+ Qf7 28. Qg5 Qe7 29. Rxe6 Bxe6 30. Qh6+ Ke8 31. Re1 Kd7 32. Kh1 Rf8 33. Rd1+ Kc8 34. Re1 Kd7 35. Rd1+ Kc6 36. Re1 Rf6 37. Qxh4 Qf7 38. g3 Bxa2 39. Kg1 Re6 40. Rd1 Qe7 41. Qh8 Re1+ 42. Rxe1 Qxe1+ 43. Kg2 Qe2+ 44. Kg1 Bd5 45. Qh6+ Kb5 46. Qh3 Qe3+ 47. Kf1 Bc4+ 48. Kg2 Qe2+ 49. Kg1 Qe1+ 0-1

[Event "Alta Padovana op-B 5th"]
[Site "Loreggia"]
[Date "2005.02.27"]
[Round "5"]
[White "Sanavio, Giancarlo"]
[Black "Bellemo, Davide"]
[Result "0-1"]
[WhiteElo "1685"]
[BlackElo "1742"]
[PlyCount "76"]
[EventDate "2005.02.25"]
[EventType "swiss"]
[EventRounds "5"]
[EventCountry "ITA"]
[SourceTitle "EXT 2024"]
[Source "ChessBase"]
[SourceDate "2023.10.10"]
[SourceVersion "1"]
[SourceVersionDate "2023.10.10"]
[SourceQuality "1"]

1. Nf3 Nf6 2. c4 e6 3. g3 d5 4. Bg2 Bd6 5. 0-0 0-0 6. Qc2 Nbd7 7. cxd5 exd5 8. Nc3 c6 9. d4 Re8 10. a4 Qe7 11. Nh4 Bb4 12. Nf5 Qe6 13. Bh3 Kh8 14. Na2 Bf8 15. Kg2 Nb6 16. g4 Qxe2 17. Qxe2 Rxe2 18. Ne3 Nc4 19. Nxc4 dxc4 20. Nc3 Rc2 21. Kf3 h5 22. Ke3 Nxg4+ 23. Bxg4 Bxg4 24. Kf4 Bd6+ 25. Kg5 Re8 26. f3 Bh3 27. Rd1 Rg2+ 28. Kxh5 Rxh2 29. Rd2 Rh1 30. Rd1 Bg2+ 31. Rxh1 Bxh1 32. Kg4 Re1 33. Ne4 Be7 34. Nd2 Rg1+ 35. Kh3 Bg5 36. Kh2 Rd1 37. Nxc4 Bxc1 38. Ne5 Bf4+ 0-1

[Event "Campodarsego op-B 16th"]
[Site "Campodarsego"]
[Date "2005.01.23"]
[Round "4"]
[White "Sanavio, Giancarlo"]
[Black "Menin, Massimo"]
[Result "1-0"]
[WhiteElo "1685"]
[BlackElo "1538"]
[PlyCount "91"]
[EventDate "2005.01.21"]
[EventType "swiss"]
[EventRounds "5"]
[EventCountry "ITA"]
[SourceTitle "EXT 2024"]
[Source "ChessBase"]
[SourceDate "2023.10.10"]
[SourceVersion "1"]
[SourceVersionDate "2023.10.10"]
[SourceQuality "1"]

1. Nf3 c5 2. c4 g6 3. d4 Bg7 4. d5 d6 5. Qc2 e6 6. dxe6 fxe6 7. Nc3 Ne7 8. g3 0-0 9. Bg2 Nbc6 10. 0-0 b6 11. Bg5 Bb7 12. Rad1 a6 13. Ne4 d5 14. cxd5 Nb4 15. Qb1 Nbxd5 16. Nc3 Qc7 17. Nxd5 Bxd5 18. e4 Bc6 19. b4 Qb7 20. Rfe1 Bc3 21. Re2 Nf5 22. exf5 Bxf3 23. Bxf3 Qxf3 24. Qc2 Bd4 25. fxg6 Qf5 26. gxh7+ Kxh7 27. bxc5 Qxc2 28. Rxc2 bxc5 29. Be7 Rf5 30. g4 Rd5 31. Re1 e5 32. Kg2 Re8 33. Bf6 Kg6 34. g5 e4 35. Bxd4 cxd4 36. h4 Re6 37. Kg3 d3 38. Rd2 Kh5 39. Re3 a5 40. f3 Rd4 41. fxe4 Rdxe4 42. Rxe4 Rxe4 43. Rxd3 a4 44. Rd5 Rxh4 45. g6+ Kxg6 46. Kxh4 1-0

[Event "Treviso op-B 27th"]
[Site "Treviso"]
[Date "2003.12.08"]
[Round "5.13"]
[White "Cosma, Bruno"]
[Black "Sanavio, Giancarlo"]
[Result "0-1"]
[WhiteElo "1518"]
[BlackElo "1627"]
[PlyCount "100"]
[EventDate "2003.12.06"]
[EventType "swiss"]
[EventRounds "5"]
[EventCountry "ITA"]
[SourceTitle "EXT 2024"]
[Source "ChessBase"]
[SourceDate "2023.10.10"]
[SourceVersion "1"]
[SourceVersionDate "2023.10.10"]
[SourceQuality "1"]

1. Nf3 d5 2. d4 c5 3. c3 e6 4. Bf4 Nc6 5. e3 Nf6 6. h3 b6 7. Bd3 Be7 8. 0-0 Bb7 9. Nbd2 a6 10. Qe2 cxd4 11. exd4 0-0 12. Ne5 Kh8 13. Rae1 h6 14. Bh2 Nxe5 15. dxe5 Nh7 16. Nf3 b5 17. Bc2 Rg8 18. Rd1 Bc5 19. Rfe1 Ng5 20. Nd4 Qe7 21. Bf4 Rae8 22. Kh1 Nh7 23. Be3 f5 24. exf6 Qxf6 25. Qd3 Nf8 26. Nb3 Bd6 27. Bc5 e5 28. Bxd6 e4 29. Qg3 Ne6 30. Nc5 Bc6 31. Nxe6 Rxe6 32. Bc5 Qf5 33. Bd4 Rg6 34. Qe3 Rf8 35. Rf1 Qh5 36. Rde1 Rf3 37. Qxf3 exf3 38. Bxg6 fxg2+ 39. Kxg2 Qxg6+ 40. Kh1 Qd3 41. Kg2 Bd7 42. f3 Qf5 43. Re7 Qxh3+ 44. Kf2 Kh7 45. Ree1 Qh4+ 46. Ke2 Qh2+ 47. Bf2 b4 48. Rd1 bxc3 49. bxc3 Bb5+ 50. Ke3 Qe5+ 0-1

[Event "Treviso op-B 27th"]
[Site "Treviso"]
[Date "2003.12.08"]
[Round "4.9"]
[White "Sanavio, Giancarlo"]
[Black "Drezzadore, Dario"]
[Result "0-1"]
[WhiteElo "1627"]
[BlackElo "1564"]
[PlyCount "64"]
[EventDate "2003.12.06"]
[EventType "swiss"]
[EventRounds "5"]
[EventCountry "ITA"]
[SourceTitle "EXT 2024"]
[Source "ChessBase"]
[SourceDate "2023.10.10"]
[SourceVersion "1"]
[SourceVersionDate "2023.10.10"]
[SourceQuality "1"]

1. Nf3 d5 2. c4 dxc4 3. Na3 Nf6 4. Nxc4 Nc6 5. b3 Bf5 6. Bb2 e6 7. g3 Be7 8. Bg2 0-0 9. 0-0 Bg6 10. Rc1 Bd6 11. d3 Nd5 12. e4 Nb6 13. Qe2 Bh5 14. Rfd1 Bc5 15. Nxb6 Bxb6 16. Rc4 Na5 17. Ba3 Nxc4 18. dxc4 Qf6 19. c5 Ba5 20. b4 Bxb4 21. Bxb4 Rfd8 22. Rc1 b6 23. h3 Bxf3 24. Bxf3 Qh6 25. Rc2 Qxh3 26. cxb6 cxb6 27. Bd2 f5 28. Bg5 Re8 29. Bf4 h6 30. exf5 exf5 31. Qc4+ Kh7 32. Bxa8 Re1+ 0-1

[Event "Padova op-B 3rd"]
[Site "Padova"]
[Date "2000.12.09"]
[Round "4.31"]
[White "Galiano, Salvatore"]
[Black "Sanavio, Giancarlo"]
[Result "0-1"]
[WhiteElo "1416"]
[BlackElo "1561"]
[PlyCount "124"]
[EventDate "2000.12.02"]
[EventType "swiss"]
[EventRounds "6"]
[EventCountry "ITA"]
[SourceTitle "EXT 2024"]
[Source "ChessBase"]
[SourceDate "2023.10.10"]
[SourceVersion "1"]
[SourceVersionDate "2023.10.10"]
[SourceQuality "1"]

1. d4 Nf6 2. c4 e6 3. e3 c5 4. Nf3 b6 5. Bd3 Bb7 6. 0-0 d5 7. Nc3 Be7 8. Re1 Nbd7 9. cxd5 exd5 10. dxc5 bxc5 11. e4 d4 12. Na4 0-0 13. e5 Nd5 14. Qc2 g6 15. e6 Nb4 16. Qe2 Bxf3 17. gxf3 Nxd3 18. Qxd3 Nf6 19. Bh6 Re8 20. exf7+ Kxf7 21. Qc4+ Qd5 22. Rac1 Rac8 23. Re5 Qxc4 24. Rxc4 d3 25. b3 Red8 26. Bd2 Bd6 27. Rexc5 Bxc5 28. Nxc5 Re8 29. Be3 Nd5 30. Rh4 Rxc5 31. Bxc5 d2 32. Rd4 Re1+ 33. Kg2 d1Q 34. Rxd1 Rxd1 35. Bxa7 Nf4+ 36. Kg3 g5 37. h4 Ne2+ 38. Kg4 Rg1+ 39. Kh5 Nf4+ 40. Kh6 gxh4 41. Bb8 Nd3 42. a4 Rb1 43. a5 Rxb3 44. Bh2 Nc5 45. Bd6 Na6 46. Kh5 h3 47. Kg4 Rd3 48. Bg3 Rd5 49. Kxh3 Rxa5 50. f4 Nb4 51. Kg2 Nd5 52. Kf3 Ra4 53. Kg4 Kg6 54. Kf3 Kf5 55. Bh2 Ra3+ 56. Ke2 Nxf4+ 57. Kd2 Ng2 58. Bg3 Kg4 59. Ke2 Ra2+ 60. Kf1 Nf4 61. Ke1 h5 62. Kf1 Ra1# 0-1

[Event "Padova op-B 2nd"]
[Site "Padova"]
[Date "1999.12.18"]
[Round "4.32"]
[White "Sedani, Elisa"]
[Black "Sanavio, Giancarlo"]
[Result "1-0"]
[WhiteElo "1479"]
[BlackElo "1522"]
[PlyCount "51"]
[EventDate "1999.12.11"]
[EventType "swiss"]
[EventRounds "6"]
[EventCountry "ITA"]
[SourceTitle "EXT 2024"]
[Source "ChessBase"]
[SourceDate "2023.10.10"]
[SourceVersion "1"]
[SourceVersionDate "2023.10.10"]
[SourceQuality "1"]

1. e4 d6 2. Nf3 Bg4 3. Nc3 c5 4. Be2 Nc6 5. 0-0 Nf6 6. d3 g6 7. Be3 Bg7 8. Nh4 Qd7 9. f4 0-0-0 10. Nf3 Bxf3 11. Bxf3 Nd4 12. a4 h5 13. Qd2 Ng4 14. Bxd4 Bxd4+ 15. Kh1 Be3 16. Qe2 Bxf4 17. Bxg4 hxg4 18. Rxf4 g3 19. h3 f5 20. Rf3 f4 21. Rxf4 Rdf8 22. Raf1 Rxf4 23. Rxf4 Rxh3+ 24. gxh3 Qxh3+ 25. Kg1 g2 26. Qxg2 1-0

[Event "Padova op-A 1st"]
[Site "Padova"]
[Date "1998.12.12"]
[Round "1.25"]
[White "Pilotto, Alessandro"]
[Black "Sanavio, Giancarlo"]
[Result "0-1"]
[WhiteElo "1467"]
[BlackElo "1627"]
[PlyCount "76"]
[EventDate "1998.12.12"]
[EventType "swiss"]
[EventRounds "6"]
[EventCountry "ITA"]
[SourceTitle "EXT 2023"]
[Source "ChessBase"]
[SourceDate "2022.10.05"]
[SourceVersion "1"]
[SourceVersionDate "2022.10.05"]
[SourceQuality "1"]

1. d4 Nf6 2. h3 d5 3. Bf4 c5 4. e3 Nc6 5. c3 Bf5 6. Bb5 Qb6 7. Bxc6+ bxc6 8. Qb3 e6 9. Qxb6 axb6 10. Nd2 Be7 11. Ne2 0-0 12. 0-0 c4 13. b4 Ra3 14. Nb1 Ra4 15. Bc7 Bd3 16. Re1 c5 17. dxc5 bxc5 18. b5 Bd8 19. Bd6 Re8 20. Bxc5 Be7 21. Bd4 Nd7 22. Nc1 e5 23. Nxd3 cxd3 24. Rd1 exd4 25. exd4 Bd6 26. Nd2 Re2 27. Nf1 Rexa2 28. Rxa2 Rxa2 29. Rxd3 Rb2 30. Re3 Rxb5 31. Re8+ Bf8 32. Ne3 g6 33. Rd8 Nf6 34. Rc8 Kg7 35. Kf1 Ba3 36. f3 Bc1 37. Ke2 Rb2+ 38. Kd3 Rd2# 0-1

[Event "Padova Province-chT 58th"]
[Site "Padova"]
[Date "1998.01.17"]
[Round "4"]
[White "Marcuzzo, Giorgio"]
[Black "Sanavio, Giancarlo"]
[Result "0-1"]
[WhiteElo "1531"]
[BlackElo "1600"]
[PlyCount "40"]
[EventDate "1998.01.10"]
[EventType "swiss"]
[EventRounds "6"]
[EventCountry "ITA"]
[SourceTitle "EXT 2022"]
[Source "ChessBase"]
[SourceDate "2021.10.06"]
[SourceVersion "1"]
[SourceVersionDate "2021.10.06"]
[SourceQuality "1"]

1. e4 Nf6 2. e5 Nd5 3. d4 d6 4. Bc4 c6 5. Qf3 dxe5 6. dxe5 Be6 7. Nh3 Qc7 8. Bxd5 Bxd5 9. Qg3 Nd7 10. Bf4 e6 11. Nc3 Bc4 12. Ne4 Qa5+ 13. c3 0-0-0 14. Nhg5 Nc5 15. Nxc5 Bxc5 16. Bd2 Rd3 17. Qg4 Bxf2+ 18. Kxf2 Rxd2+ 19. Ke1 Re2+ 20. Kd1 Qa4+ 0-1